LEADER 00871nam a2200217 i 4500 001 000000236040 003 CaOOAMICUS 005 20141120000000.0 008 141120s1917 it u000 u ita u 013 $a214944 040 $aSeMil$bita 100 1 $aSteno, Flavia <1877-1946>.$0(OLS)http://semarc/name/80642 245 13$aIl germanesimo senza maschera /$cARIEL (F. Steno) 260 $aMilano :$bFratelli Treves,$ccopyr. 1917. 300 $a83 p. ;$c25 cm. 650 4$aPangermanismo.$0(OLS)http://semarc/subject/14784 650 4$aGermania - Politica - 1900-1915.$0(OLS)http://semarc/subject/41920 850 $aSeMil 852 $aSeMil$W1$xVenegono$y1$m3M V 30 ^-$j186386$B186386$CSeMilBibl$Z2$F197207 $81 996 $6245$aIl germanesimo senza maschera$9(OLS)http://semarc/title/336374 996 $6260$aMilano :$bFratelli Treves$9(OLS)http://semarc/publisher/30212 LEADER 01324nam a2200205 i 4500 001 000000241679 003 CaOOAMICUS 005 20150511000000.0 008 150511s1749 it u000 u lat u 013 $a220584 026 $at.TO o.o- m.ne (1se (3) 1762 (R) 040 $aSeMil$bita 245 10$aTomus tertius complectens praxim dioecesanae Synodi, et visitationis, et manuale episcoporum. 300 $a156 p. 500 $aSegn. : A-I8 K6. 500 $aMarca editoriale: Aquila bicipite con una corona tra le due teste. In una cornice vegetale; in basso al centro iniziali PB intrecciate simmetricamente (Repertorio consultato: Marte, BNC Roma). 773 0 $aGavanti, Bartolomeo <1569-1638>$tThesaurus sacrorum rituum auctore rev. patre D. Bartholomaeo Gavanto ... cum novis observationibus, et additionibus r.p.d. Cajetani-Mariae Merati ... Tomus 1. [-3.].$bEditio novissima, ceteris omnibus correctior, et locupletior; cui praeter quadringenta circiter alia decreta, ... sive post editam a Merato seriem ...$dVenetiis : Ex Typographia Balleoniana, 1762.$g3$w()31868 850 $aSeMil 852 $aSeMil$W1$xVenegono$y1$m3G VI 19 FA$j192025$B192025$CSeMilBibl$Z2$F202822 $8I 996 $6245$aTomus tertius complectens praxim dioecesanae Synodi, et visitationis, et manuale episcoporum$9(OLS)http://semarc/title/343440